000 00649nam a2200229Ia 4500
003 OSt
005 20220928123946.0
006 a|||||r|||| 00| 0
007 ta
008 220927b |||||||| |||| 00| 0 eng d
024 _a54101
037 _cTextual
040 _aSDCL
_cSDCL
_beng
041 _2eng
_aeng
082 _aX813.2'N8, M2
100 _aRay R M
_9462648
245 0 _aLife insurance in India
_b Perspectives in socoal security.
260 _aNew Delhi
_bIndian Institute of Public Administration
_c1982
300 _axv,279p
_ccm.
942 _hX813.2'N8, M2
_cTEXL
_2CC
999 _c775615
_d775615